Responses for Show #8022 - Tuesday, June 25, 2019

2019 Teen Tournament semifinal game 2.

Contestants

[<< previous game]

Ryan Presler, an eighth grader from Sioux Falls, South Dakota

Eesha Sohail, a senior from Bakersfield, California

Shriya Yarlagadda, a sophomore from Grand Blanc, Michigan

[next game >>]

Jeopardy! Round responses

IT HAPPENED IN THE BIBLE
JUVENILE JUSTICE
PEOPLE IN AMERICAN HISTORY
TEENS ON TV
NAME THE GAME
YOU GOT 2 As & 2 Ds
(Alex: And as a matter of fact, two As and two Ds will come up in each correct response.)
    $200 19
Moses

Eesha
    $200 13
a guardian

Shriya
    $200 1
(Henry) Ford

Shriya
    $200 6
Modern Family

Shriya
    $200 18
Scrabble

Ryan
    $200 8
a candidate

Eesha
    $400 20
Cana

Ryan
    $400 14
boot camp

Ryan
    $400 2
John Wilkes Booth

Ryan
    $400 7
the Goldbergs

Triple Stumper
    $400 24
Monopoly

Ryan
    $400 9
(Ryan: I don't know.)

landlady

EeshaRyan
    $600 21
Joshua

Ryan
    $600 15
loitering

Eesha
    $600 3
Lindbergh

Shriya
    $600 28
Sabrina

Eesha
    $600 25
(Eesha: What is Apples to Apples?)

Operation

Eesha
Triple Stumper
    $600 10
paddywhack

Eesha
    $800 22
Acts

Ryan
    $800 16
truancy

Eesha
    $800 4
J. Edgar Hoover

Shriya
    $800 29
Fresh Off the Boat

Eesha
    $800 26
Bananagrams

Ryan
    $800 11
(Eesha: Sorry.)

a dead heat

ShriyaEesha
    $1000 23
Daniel

Ryan
    $1000 17
Scared Straight

Triple Stumper
    $1,200 5
Brigham Young

Shriya
    $1000 30
Bizaardvark

Triple Stumper
    $1000 27
mancala

Ryan
    $1000 12
by dishonorable discharge

Triple Stumper

Scores at the first commercial break (after clue 15):

Shriya Eesha Ryan
$4,000 $1,000 $400

Scores at the end of the Jeopardy! Round:

Shriya Eesha Ryan
$4,000 $2,800 $5,600

Double Jeopardy! Round responses

YOUNG WRITERS
TRANSPORTATION
INTERNATIONAL PARKS
HITMAKERS
FIND A SYNONYM
THE "SAURUS"
(Alex: Those six letters will come up in each correct response.)
    $400 1
The Kissing Booth

Shriya
    $400 12
sound

Ryan
    $400 2
Greenland

Shriya
    $400 7
The Chainsmokers

Eesha
    $400 21
an earthquake

Shriya
    $400 26
Tyrannosaurus rex

Shriya
    $800 14
(Eesha: What is murderer?)

Axe Cop

Eesha
Triple Stumper
    $800 13
a trike

Triple Stumper
    $800 3
Vesuvius

Shriya
    $800 8
Mick Jagger

Triple Stumper
    $800 22
rebellion

Ryan
    $800 27
an ankylosaurus

Eesha
    $1200 15
Jane Austen

Eesha
    $1200 18
Venice

Shriya
    $1200 4
Revelation

Ryan
    $1200 9
Migos

Shriya
    $2,000 23
journalist

Ryan
    $1200 28
a brontosaurus

Ryan
    $1600 16
Eragon

Shriya
    $2,000 19
(Shriya: What is Alaskan Airlines?)

Alaska Airlines

Shriya
    $1600 5
the Great Wall of China

Eesha
    $1600 10
Madonna

Triple Stumper
    $1600 24
universal

Eesha
    $1600 29
an allosaurus

Eesha
    $2000 17
The Heart is a Lonely Hunter

Triple Stumper
    $2000 20
a school bus

Eesha
    $2000 6
Black Forest

Triple Stumper
    $2000 11
Kenny Chesney

Triple Stumper
    $2000 25
a meridian

Shriya
    $2000 30
(Eesha: What is an ichthyosaurus?)

a plesiosaurus

Eesha
Triple Stumper

Scores at the end of the Double Jeopardy! Round:

Shriya Eesha Ryan
$10,400 $9,200 $11,200

[wagering suggestions for these scores]

Final Jeopardy! Round responses

OTHER NATIONS' PRESIDENTS
(Alex: [To Ryan] No, the correct response--"What is [*]?" In Africa, founded by former slaves.)
EeshaWhat is Canada? the Philippines
$9,200
ShriyaWhat is Canada?
$10,400
RyanWhat is Mexico?
$9,601
Liberia

Final scores:

Shriya Eesha Ryan
$0 $0 $1,599
2nd place: $10,000 3rd place: $10,000 Finalist

Game dynamics:

Coryat scores:

Shriya Eesha Ryan
$12,200 $9,200 $10,400
16 R
(including 1 DD),
1 W
(including 1 DD)
15 R,
4 W
15 R
(including 1 DD),
1 W

Combined Coryat: $31,800

[game clues] [game scores] [suggest correction]

Game tape date: 2018-12-11
The J! Archive is created by fans, for fans. Scraping, republication, monetization, and malicious use prohibited; this site may use cookies and collect identifying information. See terms. The Jeopardy! game show and all elements thereof, including but not limited to copyright and trademark thereto, are the property of Jeopardy Productions, Inc. and are protected under law. This website is not affiliated with, sponsored by, or operated by Jeopardy Productions, Inc. Join the discussion at JBoard.tv.